00345nam a22001337a 4500003000600000005001700006008004100023040000800064082001900072100002000091245006000111260002800171300001200199GBCCL20250618103528.0250618b |||||||| |||| 00| 0 eng d cGBC aVER 248bKHA 1 a Khaizakham, Kh aPathian ei piak thagau anpha /c Rev.Dr. kh. Khaizakham aLamka :bauthor, c2025 a362p. ;